000 00478pab a2200193 454500
008 180718b2010 xxu||||| |||| 00| 0 eng d
100 _aMcalevey, Lynn
245 _aNew Zealand credit union mergers
260 _c2010
300 _ap.423-444.
362 _aSep
650 _aCredit - New Zealand
650 _aCredit
700 _aTripe, David
700 _aSibbald, Alexander
773 _aAnnals of Public and Cooperative Economics
908 _aN
909 _a89294
999 _c89294
_d89294